| 000 | 00584nam a22002297a 4500 | ||
|---|---|---|---|
| 005 | 20170124110108.0 | ||
| 010 | _a578878 | ||
| 020 | _c00.00 | ||
| 035 | _a578878 | ||
| 037 | _bCen Lib/Ret | ||
| 040 |
_aDPL _bEN |
||
| 082 |
_aN _bAUC |
||
| 100 |
_aAuchincloss, Louis _928473 |
||
| 245 |
_aA world of profit / _cby Louis Auchincloss |
||
| 260 |
_aLondon _bVictor Gollancz _c1969 |
||
| 270 |
_aLondon _bLondon |
||
| 300 |
_a265p. _c20cm(Hb) |
||
| 650 |
_aUpper class _928474 |
||
| 650 |
_aNew York (State)--New York _928475 |
||
| 700 | _928179 | ||
| 942 |
_2ddc _cEN _hN _mAUC |
||
| 999 |
_c130161 _d130161 |
||